000 00312nam a22001217a 4500
008 160518b xxu||||| |||| 00| 0 eng d
020 _a9780323052504
020 _a9780323052504
041 _aeng
080 _a618.2
245 _aMosbys textbook for nursing assistonts:
_cSheila A. Sorrentino;
942 _2udc
_cBK
999 _c2162
_d2162